MDQL
is popping MORE tags! Check the
thread
!
Quizzes
Events
Quiz Creation
Community
Videos
Private Events
Remove Ads
Sign In
Join for FREE
Feedback
Dark Mode
Quiz Categories
Sports
Geography
Music
Movies
Television
Just For Fun
Miscellaneous
History
Literature
Language
Science
Gaming
Entertainment
Religion
Holiday
For Kids
Quiz Lab
Recent
Popular Today
Quiz Kudos Today
Editor Picks
Curator Picks
Quizzes by...
Day
Popularity
Type
Ratings
Length
Year
Community
Subscriptions
Recent Discussions
Orange Saloon
Badges
Playlists
Quests
Create
Leaderboards
Showdown
Live 5
Trivia Bingo
Activity
Puzzle Library
Sporcle Events
Private Events
Virtual Trivia
Globe League
Become a Host
Pub Owners
SporcleCon
Opinionation
Our Games
Videos
Blog
Mobile Apps
Partnerships
Remove Ads and Go Orange
Feedback
Entertainment
Celebrity
Famous
Musical
Broadway
Show
Quote
Comic Books
Anime
Superhero
DC Comics
Marvel
Cartoons
Animation
Entertainment
Celebrity
Famous
Musical
Broadway
Show
Quote
Comic Books
Anime
Superhero
DC Comics
Marvel
Cartoons
Animation
Random Quiz
Search Sporcle
×
Featured
Featured
Entertainment
Marvel
Click on regions of an image
Click on regions of an image
Picture Click
Best Score? Go Orange.
Marvel Superheroes Origin Stories Stats
Can you pick the correct Marvel comics hero when given their origin story?
By
BorezU
5m
12 Questions
51.8K Plays
51,846 Plays
51,846 Plays
Comments
Comments
Give Quiz Kudos
Give Quiz Kudos
-
- Ratings
hide this ad
Forced Order
Answers have to be entered in order
Answers have to be entered in order
Replay
Link that replays current quiz
Next Quiz
Link to next quiz in quiz playlist
You Got
0%
They Got
Avg Score
92%
Avg Friend Score
Upgrade to see
Score Distribution
Jump to the score distribution portion of the page
Score
0/12
Timer
05:00
1
Play Today
% Correct
Spider-Man
97.9%
Iron Man
96.4%
Captain America
95.8%
Doctor Strange
95.6%
Black Panther
94.2%
Deadpool
93.4%
Hulk
93.2%
Silver Surfer
92%
Cyclops
91.1%
Daredevil
89.8%
Wolverine
89.6%
Luke Cage
86.6%
Quiz Playlist
Details
Report
Send in Message
Add To Playlist
Picture Click:
Click on regions of an image
Forced Order:
Answers have to be entered in order
Last Updated: Mar 14, 2022
Featured
Editor Pick in
Entertainment
Curator Pick in
Marvel
Quiz Scoreboard
CHALLENGE
Sign Up to Join the Scoreboard
Show All
Scores
Hide
Comments
May contain spoilers
Recently Published
5x2 Blitz: Bands
by SL_Kpop136
Music
30s
Colored Red Africa Blitz
by spor1
Geography
30s
Find the 'City' Movie
by crazypaving
Movies
60s
More to Explore
Quiz From the Vault
Featured Blog Post
14 Easter Pick-up Lines to Find Eggs With
hide this ad
You Might Also Like...
Tags
Comic Books Quiz
Marvel Quiz
Superhero Quiz
Hero
Marvel Characters
Marvel Superheroes
origin
Today's Top Quizzes in Entertainment
Browse Entertainment
hide this ad
Today's Top Quizzes in Marvel
Browse Marvel
Top Contributed Quizzes in Entertainment
1
Dragon Ball Z: Goku's Fights in Order
2
Marvel Classic Character Map
3
Marvel Characters Bunker
4
JoJo's Bizarre Logic Quiz
5
This is Your Life: Edward Elric
6
BOYS PLANET Quiz
7
Celebrity Spelling Bee
8
This is Your Life: Itachi Uchiha
9
One Piece Heroines Chapter Cover
10
Survivor Winners Logic Quiz
Explore More
Trending Topics
Crossword
Disney
NBA
Kpop
Anime
Marvel
Harry Potter
NFL
Puzzle
Pokémon
Song
The Office
Country
Soccer
WWE
hide this ad
More By:
BorezU
Quiz
Plays
Rating
Category
Featured
Created
Sunday Crossword: Happy Halloween!
53,242
4.83
Miscellaneous
Oct 23, 2020
Marvel Superheroes Origin Stories
51,846
4.64
Entertainment
Aug 27, 2019
Pixar Movie by Shirt
49,208
4.50
Movies
Dec 21, 2015
Sunday Crossword: Pixar Movies
48,516
4.61
Miscellaneous
Nov 15, 2020
2010s Songs by 5 Words
42,076
4.67
Music
Aug 1, 2020
Go to Creator's Profile
Score Distribution
Quiz Creator Spotlight
BorezU
Follow
Send a Message
Quizzes Created
-
Created Quiz Play Count
-
More By This Creator
Popular Quizzes Today
1
Colored Red Africa Blitz
2
Find the US States - No Outlines Minefield
3
Find the 'City' Movie
4
5x2 Blitz: Bands
5
The Countries of the World
6
Find the US States
7
US States
8
Find the Countries of Europe - No Outlines Minefield
More Entertainment Quizzes
Fictional Characters Who Are Red
Published
Trending Quizzes
Colored Red Europe Blitz I
Colored Red Europe Blitz II
Colored Red Africa Blitz II
Colored Red Europe Blitz III
Colored Red Africa Blitz III
Recently Updated
How Do You Spell That?
pecheneg
Godzilla Movies
pecheneg
Grab Bag: 4-10 Letters
pecheneg
2024 March Madness Bracket
pecheneg
Famous TV Couples
Peacemaker
Champions League XIs: Real Madrid
pecheneg
Largest US Cities 1790-2010
pecheneg
Rides in Walt Disney World
pecheneg
Most Oscar Losses (Acting)
pecheneg
Beyoncé Albums
pecheneg
Trending Topics
Crossword
NBA
Disney
Marvel
Kpop
Anime
Harry Potter
NFL
Song
WWE
Soccer
The Office
Pokémon
Country
Puzzle
Your Account Isn't Verified!
In order to create a playlist on Sporcle, you need to verify the email address you used during registration. Go to your
Sporcle Settings
to finish the process.
Report this User
Report this user for behavior that violates our
Community Guidelines
.
Details:
Send Report
Go to the Sporcle.com Mobile Site →
Comments